000 00623nam a22002177a 4500
003 UA-OsUOA
001 47578
007 ta
008 20070808b un ||||| |||| 00| 0 ukr d
090 _a821.161.2
_bИ74
942 _cBK
040 _aUA-OsUOA
_bukr
_cUA-OsUOA
_dUA-OsUOA
245 _aІнший бік
_bПоетична збірка студентів економічного факультету
300 _a93 с.
955 _a3
041 _aukr
080 _a821.161.2
260 _aОстрог
_c2004
650 7 _a82 Література. Літературознавство
_2UDC
999 _c333676
_d333676